Food That Starts With A - Statistics

General Stats
  • This quiz has been taken 183 times
  • The average score is 8 of 20
Answer Stats
Picture Answer % Correct
Apple
100%
Avocado
99%
Apricot
91%
Almond
82%
Asparagus
82%
Apple Pie
77%
Artichoke
65%
Anise
42%
Anchovies
40%
Applesauce
38%
Acai
16%
Arugula
16%
Allspice
10%
Antipasto
6%
Acerolla
5%
Ambarella
5%
Annona
5%
Alfredo Sauce
3%
Amaranth
3%
Arancini
2%
No matching quizzes found
Score Distribution
Percent of People with Each Score
Percentile by Number Answered
Your Score History
You have not taken this quiz